书目信息 |
| 题名: |
人民警察
|
|
| 作者: | 程琳 著 | |
| 分册: | 第二部 | |
| 出版信息: | 北京 人民文学出版社 2015.01 |
|
| 页数: | 353页 | |
| 开本: | 21cm | |
| 丛书名: | ||
| 单 册: | ||
| 中图分类: | I247.57 | |
| 科图分类: | ||
| 主题词: | 长篇小说--chang pian xiao shuo--中国--当代 | |
| 电子资源: | ||
| ISBN: | 978-7-02-008965-9 | |
| 000 | 00803nam0 2200229 450 | |
| 001 | 2072272544 | |
| 005 | 20201106200433.56 | |
| 010 | @a978-7-02-008965-9@dCNY30.00 | |
| 100 | @a20150319d2015 em y0chiy50 ea | |
| 101 | 0 | @achi |
| 102 | @aCN@b110000 | |
| 105 | @ay z 000ay | |
| 200 | 1 | @a人民警察@Aren min jing cha@d= People police@h第二部@f程琳著@zeng |
| 210 | @a北京@c人民文学出版社@d2015.01 | |
| 215 | @a353页@d21cm | |
| 330 | @a那时候, 改革开放刚开始, 老百姓穷怕了, 政府也要脱贫, 招商引资成了头等大事。街上流行咯吱窝儿夹包、手拿砖头手机, 港澳台老板和骗子成了最受欢迎来宾…… | |
| 510 | 1 | @aPeople police@zeng |
| 606 | 0 | @a长篇小说@Achang pian xiao shuo@y中国@z当代 |
| 690 | @aI247.57@v5 | |
| 701 | 0 | @a程琳@Acheng lin@4著 |
| 801 | 0 | @aCN@b人天书店@c20201015 |
| 905 | @aZUCC@dI247.57@eC755 | |
| 人民警察= People police.第二部/程琳著.-北京:人民文学出版社,2015.01 |
| 353页;21cm |
| ISBN 978-7-02-008965-9:CNY30.00 |
| 那时候, 改革开放刚开始, 老百姓穷怕了, 政府也要脱贫, 招商引资成了头等大事。街上流行咯吱窝儿夹包、手拿砖头手机, 港澳台老板和骗子成了最受欢迎来宾…… |
| ● |
| 相关链接 |
|
|
|
正题名:人民警察
索取号:I247.57/C755
 
预约/预借
| 序号 | 登录号 | 条形码 | 馆藏地/架位号 | 状态 | 备注 |
| 1 | 1483812 | 214838121 | 自科二线404/108文学库 47排3列2层/ [索取号:I247.57/C755] | 在馆 | |
| 2 | 1483813 | 214838130 | 文学库108/108文学库 47排3列2层/ [索取号:I247.57/C755] | 在馆 | |
| 3 | 1484130 | 214841304 | 文学库108/108文学库 47排3列2层/ [索取号:I247.57/C755] | 在馆 |